Szczegóły MARC21

Wychowanie do osobistego rozwoju : pomysły na lekcje rozwijające kompetencje miękkie i umiejętności osobiste wśród dzieci i młodzieży. Cz. 1 /

003 -Nazwa inst., której nr kontr. jest w polu 001 [,]
    • @
    • Nazwa instytucji, której n kontrolny jest w polu 001
    • NUKAT
005 -DATA I CZAS OSTATNIEJ MODYFIKACJI [,]
    • @
    • pole kontrolne
    • 20241231090738.0
020 -Międzynarod. znormalizowany nr książki - ISBN [ , ]
    • a
    • Numer ISBN
    • 9788380854925 Find
040 -Instytucja sporządzająca opis [ , ]
    • a
    • Instytucja, która sporządziła opis (NP)
    • KAT U/21EZ
    • c
    • Instytucja, która sporządziła rekord (NP)
    • KAT U/21EZ
    • d
    • Instytucja, która zmodyfikowała rekord (P)
    • KAT U/21MGs
    • d
    • Instytucja, która zmodyfikowała rekord (P)
    • SZCZ M/HS
942 -Rodzaj dokumentu [ , ]
    • c
    • Rodzaj dokumentu
    • Książka
100 -Hasło główne - nazwa osobowa [1, ]
    • a
    • Nazwa osobowa (NP)
    • Skolimowska, Katarzyna.
    • 9
    • KHW
    • 435319
245 -Strefa tytułu i oznaczenia odpowiedzialności [1,0]
    • a
    • Tytuł
    • Wychowanie do osobistego rozwoju : Find
    • b
    • Ciąg dalszy tytułu (NP)
    • pomysły na lekcje rozwijające kompetencje miękkie i umiejętności osobiste wśród dzieci i młodzieży. Find
    • n
    • Oznaczenie części (P)
    • Cz. 1 /
    • c
    • Pozostałe elementy strefy tytułu i oznaczenia odpowiedzialności (NP)
    • Katarzyna Skolimowska, Marzena Kud.
260 -Strefa adresu wydawniczego [ , ]
    • a
    • Miejsce wydania (P)
    • Warszawa :
    • b
    • Nazwa wydawcy (P)
    • Difin,
    • c
    • Data wydania (P)
    • 2017.
300 -Strefa opisu fizycznego [ , ]
    • a
    • Określenie formy książki i/lub objętość (NP)
    • 222 s. :
    • b
    • Oznaczenie ilustracji (NP)
    • il. kolor. ;
    • c
    • Format (NP)
    • 22 cm.
336 -Typ zawartości [ , ]
    • a
    • Termin opisujący typ zawartości
    • Tekst
    • b
    • Kod określający zawartość
    • txt
    • 2
    • Źródło (terminu i kodu)
    • rdacontent
337 -Typ mediów [ , ]
    • a
    • Tryb odtwarzania
    • Bez urządzenia pośredniczącego
    • b
    • Kod typu mediów
    • n
    • 2
    • Źródło (terminu i kodu)
    • rdamedia
338 -Typ/rodzaj nośnika [ , ]
    • a
    • Hasło opisujące typ nośnika
    • Wolumin
    • b
    • Kod typu nośnika
    • nc
    • 2
    • Źródło (terminu i kodu)
    • rdacarrier
490 -Strefa serii i książki wielotomowej - forma nie do wyszukiwania [1, ]
    • a
    • Tytuł (P)
    • Engram Find
830 -Hasło dodatkowe serii i opisu książki wielotomowej - tytuł ujednolicony/tytuł [ ,0]
    • a
    • Tytuł ujednolicony/tytuł (NP)
    • Engram
    • 9
    • KHW
    • 12930
504 -Uwaga dot. bibliogr. załącznikowej [ , ]
    • a
    • Uwaga dot. bibliografii załącznikowej
    • Bibliogr. s. 220-222.
650 -Hasło przedmiotowe [ ,7]
    • a
    • Hasło przedmiotowe
    • Godzina wychowawcza
    • v
    • Określnik formalny
    • poradniki.
    • 2
    • Źródło terminu
    • kaba
    • 9
    • KHW
    • 435339
650 -Hasło przedmiotowe [ ,7]
    • a
    • Hasło przedmiotowe
    • Organizacja pracy klasy
    • v
    • Określnik formalny
    • poradniki.
    • 2
    • Źródło terminu
    • kaba
    • 9
    • KHW
    • 379167
700 -Hasło dodatkowe - nazwa osobowa [1, ]
    • a
    • Nazwa osobowa (NP)
    • Kud, Marzena. Find
    • 9
    • KHW
    • 435320
710 -Hasło dodatkowe - nazwa ciała zbiorowego [2, ]
    • a
    • Nazwa ciała zbiorowego lub nazwa geograficzna jako pierwszy element (NP)
    • Difin.
    • 4
    • Kod relacji
    • pbl
    • 9
    • KHW
    • 52248
856 -Dostęp do wersji elektronicznej [4,8]
    • 3
    • Wyszczególnienie materiału
    • Okładka
920 -ISBN [ , ]
    • a
    • ISBN
    • 978-83-8085-492-5 Find
Numer inwentarzowy Status udost. Data inwentaryzacji Lokalizacja
Z.12277612018-04-25BG
WM.21759-32018-04-25BG
WM.21760-32018-04-25BG
H.3030012017-11-28BNS
H.30301-32017-11-28BNS